000
00281nam a2200121Ia 4500
008
190216s9999||||xx |||||||||||||| ||und||
100
_a
Kuchhal M C
245
0
_a
Secretarial Practice
260
_b
Vikas Publishing House
_c
1976
300
_a
590p
650
_a
Commerce
942
_c
BK
999
_c
5110
_d
5110